Non-compositional Lexical Expressions Mentally Stored by English Independent Users

Prieskum slovnej zásoby na konktrétnych používateľoch pred a po rozšírení ich slovníka všeobecnej a obchodnej angličtiny pomocou štatistickej analýzy.

Salvato in:
Dettagli Bibliografici
Autore principale: Hrdličková, Zuzana
Natura: Capitolo di libro
Lingua:inglese
Soggetti:
Tags: Aggiungi Tag
Nessun Tag, puoi essere il primo ad aggiungerne!!

MARC

LEADER 00000naa$a2200000$$$4500
001 0250098
005 20240502083713.9
041 0 |a eng 
044 |a CZ 
245 1 0 |a Non-compositional Lexical Expressions Mentally Stored by English Independent Users  |c Zuzana Hrdličková 
520 |a Prieskum slovnej zásoby na konktrétnych používateľoch pred a po rozšírení ich slovníka všeobecnej a obchodnej angličtiny pomocou štatistickej analýzy. 
610 2 0 |a angličtina 
610 2 0 |a analýza štatistická 
610 2 0 |a používatelia 
610 2 0 |a štúdium vysokoškolské 
100 1 |a Hrdličková, Zuzana